000 01691cam a2200445 i 4500
001 115003
003 BJBSDDR
005 20250429090821.0
007 ta
008 130319s2013 nju b 001 0 eng
010 _a 2013009116
020 _a9780133158809 (pbk. : alk. paper)
020 _a0133158802 (pbk. : alk. paper)
035 _a17664907
040 _aDLC
_beng
_cDLC
_erda
041 _aeng
042 _apcc
050 1 4 _aHD 30.3
_bF263p 2013
082 0 0 _a658.001
100 1 _aFaulkner, Michael Lawrence,
_d1950-
_941702
245 1 0 _aPower verbs for managers and executives :
_bhundreds of verbs and phrases to communicate more dynamically and effectively /
_cMichael Lawrence Faulkner with Michelle Faulkner-Lunsford.
264 1 _aUpper Saddle River, New Jersey :
_bFT Press,
_c2013.
300 _a255 pages ;
_c23 cm.
336 _atext
_2rdacontent
337 _aunmediated
_2rdamedia
338 _avolume
_2rdacarrier
504 _aIncludes bibliographical references and index.
505 0 _aThe power of words -- The connection between communications and success in leadership and managing -- How to use this book -- Hundreds of verbs for managers and executives.
650 0 _aCommunication in organizations.
650 0 _aCommunication in management.
650 0 _aBusiness communication.
650 0 _aInterpersonal communication.
650 4 _aComunicación en las organizaciones
_936856
650 4 _aComunicación en la administración
_941712
650 4 _aComunicación empresarial
_95471
650 4 _aComunicación interpersonal
_91298
700 1 _aFaulkner-Lunsford, Michelle,
_941705
942 _2lcc
_cBK
946 _adpf
999 _c40137
_d40137